书目信息 |
| 题名: |
轻武器典藏手册
|
|
| 作者: | ;轻武器系列丛书编委会 编 | |
| 分册: | 世界著名冲锋枪 | |
| 出版信息: | 北京 航空工业出版社 2013 |
|
| 页数: | 184页 | |
| 开本: | 26cm | |
| 丛书名: | ||
| 单 册: | ||
| 中图分类: | E922.13-49 , E922.1 | |
| 科图分类: | ||
| 主题词: | 冲锋枪--世界--普及读物 | |
| 电子资源: | ||
| ISBN: | 978-7-5165-0125-2 | |
| 000 | 01020oam2 22002411 450 | |
| 001 | 2365139868 | |
| 005 | 20231117151507.31 | |
| 010 | @a978-7-5165-0125-2@dCNY49.80 | |
| 100 | @a20130130d2013 em y0chiy50 ea | |
| 101 | 0 | @achi |
| 102 | @aCN@b110000 | |
| 105 | @aa z 000yy | |
| 200 | 1 | @a轻武器典藏手册@AQing Wu Qi Dian Cang Shou Ce@i世界著名冲锋枪@f《轻武器系列丛书》编委会编 |
| 210 | @a北京@c航空工业出版社@d2013 | |
| 215 | @a184页@c照片,图@d26cm | |
| 330 | @a本书精选了第二次世界大战前的世界主要军事强国最富有代表性的典型冲锋枪型号,书中不仅全面细致地介绍了各种冲锋枪的基本性能特点,而且结台研制历史、经典战例,以及军队装备使用等情况进行了综合描述,使读者能全方位地了解每种世界顶尖轻武器的来龙去脉和奇闻趣事。 | |
| 517 | 1 | @a世界著名冲锋枪@AShi Jie Zhu Ming Chong Feng Qiang |
| 606 | 0 | @a冲锋枪@y世界@j普及读物 |
| 690 | @aE922.13-49@v5 | |
| 690 | @aE922.1@v4 | |
| 711 | 02 | @a轻武器系列丛书编委会@9qing wu qi xi lie cong shu bian wei hui@4编 |
| 801 | 0 | @aCN@b91MARC@c20130904 |
| 905 | @aZUCC@dE922.1@e8:1 | |
| 轻武器典藏手册.世界著名冲锋枪/《轻武器系列丛书》编委会编.-北京:航空工业出版社,2013 |
| 184页:照片,图;26cm |
| ISBN 978-7-5165-0125-2:CNY49.80 |
| 本书精选了第二次世界大战前的世界主要军事强国最富有代表性的典型冲锋枪型号,书中不仅全面细致地介绍了各种冲锋枪的基本性能特点,而且结台研制历史、经典战例,以及军队装备使用等情况进行了综合描述,使读者能全方位地了解每种世界顶尖轻武器的来龙去脉和奇闻趣事。 |
| ● |
| 相关链接 |
|
|
|
正题名:轻武器典藏手册
索取号:E922.1/8:1
 
预约/预借
| 序号 | 登录号 | 条形码 | 馆藏地/架位号 | 状态 | 备注 |
| 1 | 2000996095 | 2000996095 | 315书库/四5架B面3层1列/ [索取号:E922.1/8:1] | 在馆 | |
| 2 | 2000996096 | 2000996096 | 315书库/四5架B面3层1列/ [索取号:E922.1/8:1] | 在馆 | |
| 3 | 2000996097 | 2000996097 | 315书库/四5架B面3层1列/ [索取号:E922.1/8:1] | 在馆 | |
| 4 | 2000996098 | 2000996098 | 315书库/四5架B面3层1列/ [索取号:E922.1/8:1] | 在馆 | |
| 5 | 2000996099 | 2000996099 | 315书库/四5架B面3层1列/ [索取号:E922.1/8:1] | 在馆 | |
| 6 | 2000996100 | 2000996100 | 315书库/四5架B面3层1列/ [索取号:E922.1/8:1] | 在馆 |